70's Rock Albums - Sudden Death - Statistics

General Stats
  • This quiz has been taken 557 times
  • The average score is 4 of 15
Answers on the Grid
Answers color-coded by a green-red scale on the quiz's grid according to % correct below.
AC/DC - Back in Black
Aerosmith - Rocks
Alice Cooper - Welcome to my Nightmare
The Animals - Animalism
The Beatles - Abbey Road
Billy Joel - An Innocent Man
Black Sabbath - Sabbath, Bloody, Sabbath
Boston - Don't Look Back
Chicago - The Chicago Transit Authority
The Doors - Soft Parade
Eagles - Hotel California
Elton John - Madman Across the Water
Iron Maiden - Killers
John Lennon - Imagine
Judas Priest - Stained Class
The Kinks - Kinks-Size
Led Zeppelin - In Through the Out Door
The Lovin' Spoonful - Day Dream
Lynyrd Skynyrd - Second Helping
Meatloaf - Bat Out of Hell
Neil Young - Harvest
Ozzy Osbourne - Blizzard of Ozz
Pink Floyd - Wish You Were Here
The Police - Synchronicity
Queen - News of the World
Quiet Riot - Metal Health
REO Speedwagon - High Infidelity
Rolling Stones - Let it Bleed
Steely Dan - Can't Buy a Thrill
The Who - Happy Jack
 
Answer Stats
Answer % Correct
Eagles - Hotel California
49%
Aerosmith - Rocks
46%
Black Sabbath - Sabbath, Bloody, Sabbath
40%
Alice Cooper - Welcome to my Nightmare
36%
John Lennon - Imagine
35%
Pink Floyd - Wish You Were Here
33%
Led Zeppelin - In Through the Out Door
25%
Boston - Don't Look Back
22%
Queen - News of the World
22%
Lynyrd Skynyrd - Second Helping
20%
Steely Dan - Can't Buy a Thrill
19%
Meatloaf - Bat Out of Hell
17%
Neil Young - Harvest
17%
Elton John - Madman Across the Water
16%
Judas Priest - Stained Class
7%
No matching quizzes found
Score Distribution
Percent of People with Each Score
Percentile by Number Answered
Your Score History
You have not taken this quiz